000
00206nam a22000977a 4500
999
_c
15740
_d
15740
003
OSt
008
190925b ||||| |||| 00| 0 eng d
082
_a
153.15
245
_a
Learning to learn
942
_c
BK